000 00688nam a22001817a 4500
003 UA-OsUOA
001 15306
007 ta
008 20031105b un ||||| |||| 00| 0 ukr d
100 _aДудушко Л.
942 _cSA
040 _aUA-OsUOA
_cUA-OsUOA
_dUA-OsUOA
245 _aНа Басівкуті ловлять навіть судаків !: [Розмова із заст. голови рівнен. орг. Укр. т-ва мисливців і рибалок Л.Дудушком]/ Розмовляла А.Федорович
300 _aС.7
955 _a0
773 0 _w0
_tОго
_dРівне
_d2003
_g№117/10 лип./
650 7 _aКраєзнавча робота
_2UDC
999 _c301471
_d301471